000 00849nam a2200301Ia 4500
001 19559
003 IT-RoPAU
008 130308s9999 xx 000 0 und d
040 _aIT-RoPAU
040 _cIT-RoPAU
041 _aFRANCESE
100 _aCharensol Georges
100 _gCodice Aut. SPICS: 8131
245 _aRenè Clair et les belles-de-nuit
245 _bRene' clair et Les Belles-De-Nuit
250 _a1a ed.
260 _aPARIS
260 _bCerf
260 _c1953 [1° Ed.:1953 - Ed.Ling.Originale:1953]
300 _a"112 p. (prefazione: no ; testo: 112)"
500 _aDiario del Film di Rene'Clair belle di Notte Realizzazione e Critiche Filmografia di Rene' Clair
650 _aAUTORI/OPERE DEL CINEMA
650 _eCodice materia Spics: 6807
942 _cBK
957 _71
999 _c71835
_d71835
999 _bSI
999 _g1